Novak Djokovic - Route to the 2015 US Open Trophy - Statistics

General Stats
  • This quiz has been taken 11 times
  • The average score is 4 of 7
Answer Stats
Round Result Country Opponent % Correct
SF 3:0 (6:0,6:1,6:2) Croatia Marin Čilić
100%
F 3:1 (6:4,5:7,6:4,6:4) Switzerland Roger Federer
100%
R16 3:1 (6:3,4:6,6:4,6:3) Spain Roberto Bautista Agut
91%
R32 3:0 (6:3,7:5,7:5) Italy Andreas Seppi
45%
QF 3:1 (6:1,3:6,6:3,7:6) Spain Feliciano Lopez
45%
R64 3:0 (6:4,6:1,6:2) Austria Andreas Haider-Maurer
27%
R128 3:0 (6:1,6:1,6:1) Brazil Joao Souza
27%
No matching quizzes found
Score Distribution
Percent of People with Each Score
Percentile by Number Answered
Your Score History
You have not taken this quiz